The Party Wall etc Act 1996 (Record no. 76911)

MARC details
000 -LEADER
fixed length control field 00810cab a2200181 4500
001 - CONTROL NUMBER
control field ##L133289
008 - FIXED-LENGTH DATA ELEMENTS--GENERAL INFORMATION
fixed length control field 060426n2006 000 0 eng u
035 ## - SYSTEM CONTROL NUMBER
System control number (Sirsi) u133289
041 0# - LANGUAGE CODE
Language code of text/sound track or separate title eng
100 1# - MAIN ENTRY--PERSONAL NAME
Personal name Frame, Alex
245 04 - TITLE STATEMENT
Title The Party Wall etc Act 1996
Remainder of title practice pitfalls
-- part 1
260 ## - PUBLICATION, DISTRIBUTION, ETC.
Date of publication, distribution, etc. 2006
490 #0 - SERIES STATEMENT
Series statement Journal of Building Appraisal
Volume/sequential designation 1(4) 2005, 295-304(10)
520 ## - SUMMARY, ETC.
Summary, etc. Considers some typical errors and misconceptions made by surveyors in respect of the Party Wall etc Act 1996, in particular notices, service of notice, the precise status of the party wall surveyor, the purpose of access, retrospective awards, fees, and challenging an award.
650 24 - SUBJECT ADDED ENTRY--TOPICAL TERM
Topical term or geographic name entry element PARTY WALL ETC ACT 1996
690 ## - LOCAL SUBJECT ADDED ENTRY--TOPICAL TERM (OCLC, RLIN)
Topical term or geographic name as entry element PROPERTY-PROPERTY MANAGEMENT-EASEMENTS-PARTY WALL SURVEYING-PARTY WALLS
942 ## - ADDED ENTRY ELEMENTS (KOHA)
Suppress in OPAC 0
Holdings
Withdrawn status Lost status Source of classification or shelving scheme Damaged status Not for loan Home library Current library Shelving location Date acquired Total Checkouts Full call number Barcode Date last seen Copy number Price effective from Koha item type
    Dewey Decimal Classification     London London Journal article 26/04/2006   L133289 133289-1001 06/08/2019 1 06/08/2019 Journal article